Diseño de la estructura de pavimento flexible del tramo de carretera El Guayacán - Jinotega por el método AASHTO- 93
Presenta un diseño de la estructura de pavimento flexible del tramo de carretera El Guayacán - Jinotega por el método AASHTO- 93, en el cual se realiza un estudio de suelos a lo largo de la franja de carretera proyectada y en los posibles bancos de materiales que se utiliza para la construcción...
| Main Authors: | , |
|---|---|
| Other Authors: | |
| Format: | Tesis Section = Libro |
| Language: | Undetermined Spanish |
| Published: |
Managua
UNI
2010
|
| Subjects: |
| LEADER | 01226nam a2200265Ia 4500 | ||
|---|---|---|---|
| 008 | 240830s9999 xx 000 0 und d | ||
| 040 | |a BIBLIOTECA-RUPAP T.Mon 625.8 G643 | ||
| 041 | |a spa | ||
| 082 | |a T.Mon 625.8 G643 | ||
| 100 | 1 | |a González Lacayo, Priscella de Cristo | |
| 100 | 1 | |b Zapata García Aarón Felipe | |
| 245 | 1 | 0 | |a Diseño de la estructura de pavimento flexible del tramo de carretera El Guayacán - Jinotega por el método AASHTO- 93 |
| 260 | |a Managua |b UNI |c 2010 | ||
| 300 | |a 44 p. :il. | ||
| 500 | |a Contiene: anexos. | ||
| 502 | |a Tesis (Ingeniero Civil)- UNI, 2010. | ||
| 520 | 3 | |a Presenta un diseño de la estructura de pavimento flexible del tramo de carretera El Guayacán - Jinotega por el método AASHTO- 93, en el cual se realiza un estudio de suelos a lo largo de la franja de carretera proyectada y en los posibles bancos de materiales que se utiliza para la construcción de pavimentos y también un estudio de tránsito. | |
| 650 | 7 | |a PAVIMENTOS | |
| 650 | 7 | |b PAVIMENTOS FLEXIBLES | |
| 650 | 7 | |c PAVIMENTOS-DISEÑO Y CONSTRIUCCION | |
| 650 | 7 | |h CARRETERAS-MANTENIMIENTO Y REPACION | |
| 700 | 1 | |a Tutor: |b Morales Urbina, Israel | |
| 942 | |c BK |2 ddc | ||
| 991 | |a TESIS | ||
| 999 | |c 18214 | ||